| 000 | 00450nam a22001697a 4500 | ||
|---|---|---|---|
| 999 |
_c12621 _d12621 |
||
| 008 | 241226b 2001 ||||| |||| 00| 0 eng d | ||
| 020 | _a9780553802023 | ||
| 082 |
_a530.12 _bHAW |
||
| 100 | _aHawking, Stephen | ||
| 245 | _aThe universe in a nutshell | ||
| 260 |
_aNew York _bBantam _c2001 |
||
| 300 | _aviii,216p. | ||
| 650 | _aA brief history of relativity | ||
| 650 | _aThe shape of time | ||
| 650 | _aPredicting the future | ||
| 942 | _cBK | ||